Комплексно-механизированный участок эмалирования крупногабаритной химической аппаратуры (Запись № 8744212)

Подробности
000 -МАРКЕР
контрольное поле 01584nam0a22003011 4500
001 - ИДЕНТИФИКАТОР ЗАПИСИ
контрольное поле rc\4489811
005 - ИДЕНТИФИКАТОР ВЕРСИИ
контрольное поле 20130416172147.1
021 ## - НОМЕР ГОСУДАРСТВЕННОЙ РЕГИСТРАЦИИ
Код страны Российская Федерация
Номер [69-88829]
035 ## - ДРУГИЕ СИСТЕМНЫЕ НОМЕРА
Идентификатор записи (NLR Aleph) 008607737
100 ## - ДАННЫЕ ОБЩЕЙ ОБРАБОТКИ
Данные общей обработки 20130416g19681969|||y0rusy50 ca
101 0# - ЯЗЫК РЕСУРСА
Язык текста, звукозаписи и т.д. русский
102 ## - СТРАНА ПУБЛИКАЦИИ ИЛИ ПРОИЗВОДСТВА
Страна публикации Российская Федерация
105 ## - ПОЛЕ КОДИРОВАННЫХ ДАННЫХ: ТЕКСТОВЫЕ МАТЕРИАЛЫ, МОНОГРАФИЧЕСКИЕ
Кодированные данные о монографическом текстовом документе a z |||||
200 1# - ЗАГЛАВИЕ И СВЕДЕНИЯ ОБ ОТВЕТСТВЕННОСТИ
Основное заглавие Комплексно-механизированный участок эмалирования крупногабаритной химической аппаратуры
Первые сведения об ответственности [Объединение по руководству науч.-техн. информацией и пропагандой в РСФСР при Гос. ком. Совета Министров СССР по науке и технике. Гос. науч.-исслед. ин-т науч. и техн. информации] "ГосИНТИ"
210 ## - ПУБЛИКАЦИЯ, РАСПРОСТРАНЕНИЕ И ДР.
Место издания, распространения и т.д. Москва
Имя издателя, распространителя и т. д. Б. и.
Дата издания, распространения и т.д. 1968 [вып. дан. 1969]
215 ## - ФИЗИЧЕСКАЯ ХАРАКТЕРИСТИКА
Специфическое обозначение материала и объем 18 с.
Другие сведения о физической характеристике черт.
Размеры 21
225 1# - СЕРИЯ
Основное заглавие серии Передовой научно-технический и производственный опыт
Обозначение тома № 6-68-1346/90
300 ## - ОБЩИЕ ПРИМЕЧАНИЯ
Текст примечания На 1-й с. авт.: Б.С. Калинин, М.З. Лисновский, И.Г. Маркидонов и др.
606 ## - НАИМЕНОВАНИЕ ТЕМЫ КАК ПРЕДМЕТ
Наименование темы Химическая аппаратура
Тематический подзаголовок Эмалирование
Код системы psbo
701 #1 - ИМЯ ЛИЦА - АЛЬТЕРНАТИВНАЯ ОТВЕТСТВЕННОСТЬ
Начальный элемент ввода Калинин
Часть имени, кроме начального элемента ввода Б. С.
Расширение инициалов личного имени Борис Степанович
701 #1 - ИМЯ ЛИЦА - АЛЬТЕРНАТИВНАЯ ОТВЕТСТВЕННОСТЬ
Начальный элемент ввода Лисновский
Часть имени, кроме начального элемента ввода М. З.
701 #1 - ИМЯ ЛИЦА - АЛЬТЕРНАТИВНАЯ ОТВЕТСТВЕННОСТЬ
Начальный элемент ввода Маркидонов
Часть имени, кроме начального элемента ввода И. Г.
801 #0 - ИСТОЧНИК ЗАПИСИ
Страна Российская Федерация
Организация NLR
Правила каталогизации psbo
801 #1 - ИСТОЧНИК ЗАПИСИ
Страна Российская Федерация
Организация ELAR
Источник данных rusmarc
852 ## - МЕСТОНАХОЖДЕНИЕ И ШИФР ХРАНЕНИЯ
Идентификатор организации NLR
Шифр хранения (Call Number) П11/2295
942 ## - ДОПОЛНИТЕЛЬНЫЕ ЭЛЕМЕНТЫ ЗАПИСИ (АБИС)
Тип экземпляра АБИС Книга
980 ## - КОЛЛЕКЦИЯ
Название коллекции Национальная библиография
Экземпляры
Тип экземпляра Дата поступления Библиотека постоянного хранения Библиотека текущего хранения Место хранения Шифр хранения Штрих-код Статус экземпляра
Книга 26.10.2013 РНБ (Московский) РНБ (Московский) Русский журнальный фонд П11/2295 8607737-10